000
00270nam a22001097a 4500
008
240610b |||||||| |||| 00| 0 eng d
100
_a
Mirchandani, Namkram
_9
15207
245
_a
Najik Gulara
260
_a
Ajmer:
_b
Knurmal Sahitya;
_c
1968.
300
_a
148p.
942
_c
BK
999
_c
39454
_d
39454